000 00579nam a2200181 a 4500
005 20220808114743.0
008 991125s1950 mx 000 0 spa u
035 _aUPN01000058309
049 _aCG
050 4 _aF1232
_bZ3.9
100 1 _aZavala, Lorenzo de,
_d1788-1836
_929522
245 1 0 _aVenganza de la colonia /
_cpor Lorenzo de Zavala.
260 _aMéxico :
_bEmpresas Editoriales,
_c1950.
300 _a254 p.
440 3 _aEl liberalismo mexicano en pensamiento y en acción ;
_v14
651 4 _aMEXICO -
_xHISTORIA -
_yINVASION ESPAÑOLA, 1829
_921359
905 _aLibro
999 _c58309
_d58309